<?xml version="1.0" encoding="UTF-8"?>
<marc:record xmlns:marc="http://www.loc.gov/MARC21/slim">
   <marc:leader>00000nam a2200000 a 4500</marc:leader>
   <marc:datafield ind1="1" ind2=" " tag="100">
      <marc:subfield code="a">Boie, Kirsten</marc:subfield>
      <marc:subfield code="4">aut</marc:subfield>
      <marc:subfield code="e">Verfasser/-in</marc:subfield>
   </marc:datafield>
   <marc:datafield ind1=" " ind2=" " tag="653">
      <marc:subfield code="a">Abenteuer</marc:subfield>
   </marc:datafield>
   <marc:datafield ind1=" " ind2=" " tag="653">
      <marc:subfield code="a">Kinderbuch 2./3. Klasse</marc:subfield>
   </marc:datafield>
   <marc:datafield ind1="0" ind2="0" tag="245">
      <marc:subfield code="a">Sommer im Möwenweg</marc:subfield>
   </marc:datafield>
   <marc:datafield ind1="0" ind2="0" tag="245">
      <marc:subfield code="c">Kirsten Boie. Bilder von Katrin Engelking</marc:subfield>
   </marc:datafield>
   <marc:datafield ind1=" " ind2="1" tag="264">
      <marc:subfield code="a">Hamburg</marc:subfield>
      <marc:subfield code="b">Oetinger</marc:subfield>
      <marc:subfield code="c">2002</marc:subfield>
   </marc:datafield>
   <marc:datafield ind1="1" ind2=" " tag="520">
      <marc:subfield code="a">Frisch wie der 1. Band spiegelt auch diese Fortsetzung das fröhliche Treiben von 8 Kindern, Vätern, Müttern und Wahlgroßeltern in der neuen Reihenhausgemeinschaft im Möwenweg. Die 8-jährige Tara erzählt von Tienekes Kaninchen, selbst gemachtem Parfüm aus stibitzten Blüten, von Tapezierarbeiten der Großen und dem gespielten Weglaufen der Kinder, vom Wespenstich, von dem selbst inszenierten "Popkonzert" und mitternächtlichen Gewitterfest. Was und wie K. Boie in ihrer deutschen Variante der "Kinder aus Bullerbü" erzählt, zeichnet Kinderwelt, auch Umgang miteinander, wie man sie sich wünscht: unbeschwert, quicklebendig, liebevoll. Die leiseren Töne, hier ein bisschen Eifersucht, ein Verzicht, eine Unbedachtsamkeit, dort auch mal Zwist mit Eltern oder der schwierige Umgang mit nörgelnden Nachbarn, hört man trotzdem. Sie verhindern, dass das Bild einer Kindheit, in der man vom grauen Alltag nichts weiß, in eine Heile-Welt-Idylle abgleitet. Wiederum erfrischende Alltagslektüre in Wort und Bild.</marc:subfield>
   </marc:datafield>
   <marc:datafield ind1=" " ind2=" " tag="020">
      <marc:subfield code="a">9783789131448</marc:subfield>
      <marc:subfield code="9">9783789131448</marc:subfield>
   </marc:datafield>
   <marc:datafield ind1=" " ind2=" " tag="041">
      <marc:subfield code="a">ger</marc:subfield>
   </marc:datafield>
   <marc:datafield ind1=" " ind2=" " tag="300">
      <marc:subfield code="a">127 S. : zahlr. Ill.</marc:subfield>
   </marc:datafield>
</marc:record>
